000 00622nam a2200241 a 4500
001 nice12345678
003 IN_TiNIC
005 20260116011742.0
008 050524s1969 hyda grp 000 0 urd
020 _a
_c1
082 0 0 _a297.55
_bSHA1
100 _aShareef, Mohd Akbar
245 _aHaj Ke Manasikawr Mukammil Deen
260 _aHyderabad
_bMarkazi Anjuman Taleemus Salat
_c1969
300 _a128p
500 _aincludes index and biblioraphy
505 2 _aIndex
650 _aMuslim Pilgrims and Pilgrimages-Sau
700 1 _aShareef, Mohd Akbar
902 _bSRS
942 _cBK
999 _c3699
_d3699